ბათუმის შოთა რუსთაველის სახელმწიფო უნივერსიტეტის ბიბლიოთეკა

წიგნიერება : (ბიბ.ჩანაწერი № 62763)

000 -ლიდერი
ფიქსირებული სიგრძის საკონტროლო ველი 01098nam a22002177a 4500
003 - საკონტროლო ნომრის იდენტიფიკატორი
საკონტროლო ველი Ge_BSU
005 - ბოლო ოპერაციის თარიღი და დრო
საკონტროლო ველი 20250210144817.0
008 - ფიქსირებული სიგრძის მონაცემთა ელემენტები - ზოგადი ინფორმაცია
ფიქსირებული სიგრძის საკონტროლო ველი 250210s2013 ge ||||| |||| 00| 0 geo d
041 ## - ენის კოდი
Language code of text/sound track or separate title geo
080 ## - უნივერსალური ათობითი კლასიფიკაციის ინდექსი
Universal Decimal Classification number 37.091.212 : 028.01 კ-95
100 ## - მთავარი ჩანაწერი - პიროვნების სახელი
Personal name კუტალაძე, ია.
9 (RLIN) 13573
245 ## - ცნობა სათაურის შესახებ
Title წიგნიერება :
Remainder of title PIRLS-2011 მოსწავლეთა მიღწევა და მასთა დაკავშირებული ფაქტორები /
Statement of responsibility, etc ია კუტალაძე; რედ. ნინო გორდელაძე; გამოცდების ეროვნ. ცენტრი.
264 ## - წარმოების, გამოცემის, დისტრიბუციის და სხვა ცნობები
გამოცემის, წარმოების, დისტრიბუციის... ადგილი [თბ.],
გამოცემის, წარმოების, დისტრიბუციის... თარიღი 2013.
300 ## - ფიზიკური აღწერა
Extent 190 გვ. :
Other physical details ილ. ;
Dimensions 29 სმ.
504 ## - BIBLIOGRAPHY, ETC. NOTE
Bibliography, etc ბიბლიოგრ. გვ.
653 ## - INDEX TERM--UNCONTROLLED
Uncontrolled term წიგნიერება
653 ## - INDEX TERM--UNCONTROLLED
Uncontrolled term გამოცდები
700 ## - ADDED ENTRY--PERSONAL NAME
Personal name გორდელაძე, ნინო
Relator term რედაქტორი
9 (RLIN) 24292
710 ## - ADDED ENTRY--CORPORATE NAME
Corporate name or jurisdiction name as entry element გამოცდების ერონვ. ცენტრი.
9 (RLIN) 24293
942 ## - ADDED ENTRY ELEMENTS (KOHA)
Source of classification or shelving scheme
Koha item type წიგნი
ეგზემპლარები
ჩამოწერის სტატუსი დაკარგული ეგზემპლარის სტატუსი კლასიფიკაციის წყარო ან თაროზე გაწყობის სქემა დაზიანების სტატუსი არ გაიცემა მუდმივი მდებარეობა (დაცვის ადგილი) ამჟამინდელი ადგილსამყოფელი თაროზე განთავსების ადგილი შეძენის თარიღი ღირებულება, შესყიდვის ნორმალური ფასი სრული შენახვის შიფრი შტრიხკოდი ბოლო ოპერაციის თარიღი ეგზემპლარის მიმდევრობითი ნომერი (კეტერი?) ფასის ძალაში შესვლის თარიღი ეგზემპლარის სახეობა საჯარო შენიშვნა
          ბათუმის შოთა რუსთაველის სახელმწიფო უნივერსიტეტის მთავარი ბიბლიოთეკა ბათუმის შოთა რუსთაველის სახელმწიფო უნივერსიტეტის მთავარი ბიბლიოთეკა წიგნსაცავი 2025-02-10 8.00 37.091.212 : 028.01 კ-95 70590 2025-02-10 70590 2025-02-10 წიგნი 8 ლ.